000 00543nam a2200181Ia 4500
005 20250423100341.0
008 250422s9999 xx 000 0 und d
020 _a9789780327347
050 _aHE 8521.Z9 .A75/
100 _aAriyoosu, D.A.
245 0 _aNigerian telecommunications law and regulation
260 _aIbadan, Nigeria
260 _bStirling-Horden publishers Ltd
260 _c2019
300 _a352 p
650 _aNigerian Telecommunications Limited--Periodicals. Telecommunication--Nigeria--Periodicals.
942 _cBK
999 _c33040
_d33040